Modern Battles - Map Quiz - Statistics

General Stats
  • This quiz has been taken 58 times
  • The average score is 10 of 28
Answers on the Map
Answers color-coded by a green-red scale on the quiz's map according to % correct below.
 
Answer Stats
Answer % Correct
Battle of Iwo Jima
89%
Battle of Jutland
86%
First Battle of El Alamein
82%
Battle of Antietam
73%
Battle of Guadalcanal
73%
Battle of Balaclava
61%
Battle of Anqing
48%
Battle of Blaauwberg
48%
Battle of Guadalajara
48%
Battle of Ấp Bắc
48%
Battle of Suomussalmi
45%
Battle of Asal Uttar
34%
Battle of Deligrad
34%
Battle of Ballinalee
32%
Battle of Medina Ridge
23%
Battle of Geok Tepe
20%
Battle of Hingakaka
20%
Battle of Mutukula
16%
Battle of Cerro Gordo
14%
Battle of Arica
11%
Battle of Buna–Gona
11%
Battle of Batoche
9%
Battle of Las Piedras
7%
Battle of La Victoria
7%
Battle of Logandème
7%
Battle of Ocotal
7%
Battle of Yaguajay
5%
Battle of Tarqui
2%
No matching quizzes found
Score Distribution
Percent of People with Each Score
Percentile by Number Answered
Your Score History
You have not taken this quiz